KPOP DEMON HUNTERS :o - Statistics

General Stats
  • This quiz has been taken 811 times
  • The average score is 10 of 11
Answer Stats
Hint Answer % Correct
Half Demon and Hunter Rumi
99%
Maknae/ Rapper born in Burbank Usa Zoey
96%
Black Sheep of her family Mira
95%
Maknae/ Rapper Baby
93%
Great Abs Abby
92%
Leader of ____ ____ Jinu
92%
Manager Bobby
88%
Has heart burns Romance
87%
"______ is history" Mystery
85%
Leader of all demons Gwi Ma
81%
Og Sunlight Sister Celine
71%
No matching quizzes found
Score Distribution
Percent of People with Each Score
Percentile by Number Answered
Your Score History
You have not taken this quiz